Video games explained very poorly. - Statistics

General Stats
  • This quiz has been taken 2,074 times
  • The average score is 7 of 10
Answer Stats
"Plot" Game % Correct
A giant sandbox/survival game, where the map can stretch on for thousands of kilometers. Also cubes. Minecraft
93%
10 year old kids enslave various creatures and force them to fight. Pokemon
88%
Use your gardening skills to defend yourself against the apocalypse. Plants vs. Zombies
81%
The character takes on a questionable job as a night guard for a Chuck E Cheese style restaurant. Five Nights at Freddy's
80%
Squid/Octopus kids play competitive paintball. Splatoon
75%
Italian sidekick uses the power of the vacuum cleaner to defeat ghosts. Luigi's Mansion
69%
Just your average day in knock-off California. Also they finally made a real sequel after five years of remasters. Grand Theft Auto
68%
An average survival game with below average graphics. Also, you can ride the dinosaurs. Ark, Survival Evolved
65%
Kid falls into a vast cave, and has the option to either kill or befriend the enemies they encounter. You can also flirt with a skeleton and get speared in the head by a fish. Undertale
59%
Use your pressurised water to clean things. Also missing cats and an erupting volcano. PowerWash Simulator
29%
No matching quizzes found
Score Distribution
Percent of People with Each Score
Percentile by Number Answered
Your Score History
You have not taken this quiz